[Event "ARG-ch sf 84th"]
[Site "La Plata"]
[Date "2009.05.02"]
[Round "5"]
[White "Duarte, Leonardo"]
[Black "Pereyra Arcija, Diego"]
[Result "1-0"]
[WhiteElo "2341"]
[BlackElo "2396"]
[PlyCount "82"]
[EventDate "2009.04.30"]
[EventType "swiss"]
[EventRounds "9"]
[EventCountry "ARG"]
[SourceTitle "CBM 130 Extra"]
[Source "ChessBase"]
[SourceDate "2009.07.02"]
[SourceVersion "2"]
[SourceVersionDate "2009.07.15"]
[SourceQuality "1"]

1. e4 e6 2. d4 d5 3. Nc3 Nf6 4. Bg5 dxe4 5. Nxe4 Be7 6. Bxf6 gxf6 7. Nf3 f5 8. Nc3 Bf6 9. Qd2 c5 10. d5 e5 11. h4 h6 12. 0-0-0 e4 13. Qe3 Nd7 14. Nd2 Bd4 15. Qf4 Qf6 16. Nc4 Kf8 17. Nb5 Nb6 18. Nxd4 Nxd5 19. Qd6+ Qxd6 20. Nxd6 cxd4 21. Rxd4 Ne7 22. Nxc8 Rxc8 23. Rd7 Rb8 24. Bc4 Rg8 25. g3 b5 26. Bb3 a5 27. a4 bxa4 28. Bxa4 e3 29. fxe3 Rxg3 30. Ra7 Rxe3 31. Rxa5 f4 32. Rf1 f3 33. c3 Re2 34. b4 f2 35. Bd1 Re4 36. Rxf2 Rxh4 37. Bb3 f5 38. Re5 f4 39. Re6 Ng8 40. Re4 Nf6 41. Rexf4 Ke7 1-0

[Event "ARG-ch sf 84th"]
[Site "La Plata"]
[Date "2009.05.02"]
[Round "4"]
[White "Pereyra Arcija, Diego"]
[Black "Claverie, Raul Ricardo"]
[Result "1/2-1/2"]
[WhiteElo "2396"]
[BlackElo "2374"]
[PlyCount "44"]
[EventDate "2009.04.30"]
[EventType "swiss"]
[EventRounds "9"]
[EventCountry "ARG"]
[SourceTitle "CBM 130 Extra"]
[Source "ChessBase"]
[SourceDate "2009.07.02"]
[SourceVersion "2"]
[SourceVersionDate "2009.07.15"]
[SourceQuality "1"]

1. d4 f5 2. g3 Nf6 3. Bg2 g6 4. c4 Bg7 5. Nf3 0-0 6. 0-0 d6 7. Nc3 Nc6 8. d5 Ne5 9. Nxe5 dxe5 10. Qb3 h6 11. c5 Kh8 12. Rd1 a6 13. Bd2 g5 14. Na4 Qe8 15. Ba5 Bd7 16. c6 bxc6 17. dxc6 Bxc6 18. Bxc6 Qxc6 19. Rac1 Qb5 20. Bxc7 Ra7 21. Qxb5 axb5 22. Nb6 Rxa2 1/2-1/2

[Event "ARG-ch sf 84th"]
[Site "La Plata"]
[Date "2009.04.30"]
[Round "1"]
[White "Colantonio, Mauro"]
[Black "Pereyra Arcija, Diego"]
[Result "0-1"]
[WhiteElo "1927"]
[BlackElo "2396"]
[PlyCount "58"]
[EventDate "2009.04.30"]
[EventType "swiss"]
[EventRounds "9"]
[EventCountry "ARG"]
[SourceTitle "CBM 130 Extra"]
[Source "ChessBase"]
[SourceDate "2009.07.02"]
[SourceVersion "2"]
[SourceVersionDate "2009.07.15"]
[SourceQuality "1"]

1. d4 Nc6 2. Nf3 d6 3. c4 Bg4 4. e3 e5 5. Be2 Nf6 6. Nc3 exd4 7. exd4 Be7 8. 0-0 0-0 9. h3 Bh5 10. Re1 d5 11. cxd5 Nxd5 12. Ne5 Bxe2 13. Rxe2 Nxe5 14. Rxe5 Nb6 15. Qg4 Bf6 16. Ne4 Bxe5 17. dxe5 Kh8 18. Bg5 Qd7 19. Qh4 Qf5 20. Re1 Nd7 21. f4 Rae8 22. Be7 Rg8 23. g4 Qxf4 24. Ng5 h6 25. Rf1 Qd4+ 26. Kh1 Rxe7 27. Nf3 Qc4 28. Rf2 Re6 29. g5 Qxh4 0-1

[Event "Buenos Aires Najdorf-B"]
[Site "Buenos Aires"]
[Date "2004.10.08"]
[Round "9"]
[White "Pereyra Arcija, Diego"]
[Black "Hungaski, Robert Andrew"]
[Result "0-1"]
[WhiteElo "2417"]
[BlackElo "2253"]
[PlyCount "62"]
[EventDate "2004.10.01"]
[EventType "tourn"]
[EventRounds "9"]
[EventCountry "ARG"]
[EventCategory "4"]
[SourceTitle "CBM 102 Extra"]
[Source "ChessBase"]
[SourceDate "2004.11.03"]
[SourceVersion "1"]
[SourceVersionDate "2004.11.03"]
[SourceQuality "1"]

1. d4 d5 2. c4 e6 3. Nf3 Nf6 4. g3 dxc4 5. Bg2 Nc6 6. 0-0 Rb8 7. a4 b6 8. Nc3 Bb7 9. e3 Na5 10. Ne5 Bxg2 11. Kxg2 Bd6 12. f4 0-0 13. Qe2 Bxe5 14. fxe5 Nd5 15. e4 Nb4 16. Be3 Nb3 17. Rad1 Nd3 18. Qg4 Kh8 19. Ne2 c5 20. Bg5 Qc7 21. Nf4 cxd4 22. Rxd3 cxd3 23. Nh5 f6 24. exf6 g6 25. Qxe6 Qf7 26. Qxf7 Rxf7 27. Nf4 Nc5 28. e5 Re8 29. Bh6 Rxe5 30. b4 Rxf6 31. bxc5 g5 0-1

[Event "Buenos Aires Najdorf-B"]
[Site "Buenos Aires"]
[Date "2004.10.02"]
[Round "2"]
[White "Pereyra Arcija, Diego"]
[Black "Herrera, Martin"]
[Result "1/2-1/2"]
[WhiteElo "2417"]
[BlackElo "2360"]
[PlyCount "86"]
[EventDate "2004.10.01"]
[EventType "tourn"]
[EventRounds "9"]
[EventCountry "ARG"]
[EventCategory "4"]
[SourceTitle "CBM 102 Extra"]
[Source "ChessBase"]
[SourceDate "2004.11.03"]
[SourceVersion "1"]
[SourceVersionDate "2004.11.03"]
[SourceQuality "1"]

1. d4 Nf6 2. c4 g6 3. Nf3 Bg7 4. g3 0-0 5. Bg2 d6 6. 0-0 c6 7. Nc3 Qb6 8. Qb3 Qa6 9. Rd1 Nbd7 10. h3 Nb6 11. Nd2 e5 12. d5 cxd5 13. cxd5 Bd7 14. e4 Qa5 15. Qc2 Qc5 16. b3 Rac8 17. Bb2 Nh5 18. Qd3 Bh6 19. a4 a5 20. Rac1 Qb4 21. Na2 Rxc1 22. Bxc1 Qc5 23. Bb2 Qc7 24. Ba3 f5 25. Qc3 Qxc3 26. Nxc3 Rc8 27. Ndb1 Bf8 28. exf5 gxf5 29. Bf1 Nf6 30. Bc1 Be8 31. Be3 Nbd7 32. Bb5 Bf7 33. Bxd7 Nxd7 34. Nb5 Rc2 35. N1a3 Rb2 36. Nc4 Rxb3 37. Nxa5 Rb4 38. Nxb7 Rxa4 39. N7xd6 Bh5 40. Re1 f4 41. gxf4 exf4 42. Bc1 Ra1 43. Bd2 Rxe1+ 1/2-1/2

[Event "Itau Mercosul Cup 1st"]
[Site "Sao Paulo"]
[Date "1997.10.20"]
[Round "2"]
[White "Santos Neto, Francisco Jose"]
[Black "Pereyra Arcija, Diego"]
[Result "0-1"]
[WhiteElo "2165"]
[BlackElo "2460"]
[PlyCount "68"]
[EventDate "1997.10.19"]
[EventType "swiss"]
[EventRounds "9"]
[EventCountry "BRA"]
[SourceTitle "CBM 060 Extra"]
[Source "ChessBase"]
[SourceDate "1997.11.04"]
[SourceVersion "1"]
[SourceVersionDate "1997.11.04"]
[SourceQuality "1"]

1. Nf3 Nf6 2. d4 g6 3. Bg5 Bg7 4. Nbd2 d5 5. c3 0-0 6. e3 b6 7. Be2 Nbd7 8. h3 Bb7 9. 0-0 Re8 10. Nh2 h6 11. Bh4 g5 12. Bg3 e5 13. dxe5 Nxe5 14. f4 Ng6 15. fxg5 hxg5 16. Rf5 Rxe3 17. Nhf1 Re6 18. Rxg5 Qe7 19. Bh5 Nxh5 20. Qxh5 d4 21. Nf3 dxc3 22. bxc3 Rd8 23. Nh4 Be4 24. Re1 Bd3 25. Rd5 Rxd5 26. Qxd5 Rxe1 27. Qxd3 Nxh4 28. Bxe1 Qxe1 29. Qc4 Qe7 30. Qc6 Ng6 31. Qa8+ Kh7 32. Qf3 Qc5+ 33. Kh1 Qe7 34. Qf5 Bxc3 0-1

[Event "WchT U26 11th"]
[Site "Roque Saenz Pena"]
[Date "1997.08.11"]
[Round "6"]
[White "Sirnik, Bostjan"]
[Black "Pereyra Arcija, Diego"]
[Result "1/2-1/2"]
[WhiteElo "2130"]
[BlackElo "2460"]
[PlyCount "116"]
[EventDate "1997.08.06"]
[EventType "team-swiss"]
[EventRounds "9"]
[EventCountry "ARG"]
[SourceTitle "EXT 2020"]
[Source "ChessBase"]
[SourceDate "2019.10.17"]
[SourceVersion "1"]
[SourceVersionDate "2019.10.17"]
[SourceQuality "1"]
[WhiteTeam "Slovenia"]
[BlackTeam "Argentina"]
[WhiteTeamCountry "SLO"]
[BlackTeamCountry "ARG"]

1. d4 Nf6 2. Nf3 g6 3. Nc3 d5 4. Bf4 Bg7 5. e3 0-0 6. Be2 c5 7. Ne5 Nc6 8. h4 cxd4 9. exd4 Qb6 10. Nxc6 bxc6 11. Na4 Qa5+ 12. c3 Nd7 13. h5 Ba6 14. Bg4 f5 15. b4 Qd8 16. Be2 Bxe2 17. Qxe2 e5 18. Bxe5 Nxe5 19. dxe5 Qg5 20. hxg6 hxg6 21. Nc5 Rfe8 22. Nd3 Qxg2 23. 0-0-0 Qe4 24. Qd2 a5 25. Qg5 Qg4 26. Qxg4 fxg4 27. Rhg1 axb4 28. Nxb4 Rxe5 29. Rxg4 c5 30. Nxd5 Rxa2 31. Nf4 g5 32. Kb1 Ra7 33. Nd5 Rf5 34. Rd2 Kf7 35. f4 gxf4 36. Rxf4 Rxf4 37. Nxf4 Bxc3 38. Re2 Bd4 39. Kc2 Ra3 40. Nd5 Rf3 41. Kd2 Kg6 42. Ne7+ Kg5 43. Nd5 Rb3 44. Kc2 Ra3 45. Re7 Kf5 46. Re2 Rg3 47. Kd2 Ra3 48. Kc2 c4 49. Re8 Rg3 50. Kc1 Be5 51. Ne7+ Kf4 52. Nc6 Bg7 53. Nb4 Rg1+ 54. Kc2 Rg2+ 55. Kc1 Be5 56. Rc8 Rg1+ 57. Kc2 Rg2+ 58. Kc1 Rg1+ 1/2-1/2

[Event "Wch U20"]
[Site "Zagan"]
[Date "1997.07.24"]
[Round "10"]
[White "Rezan, Sasa"]
[Black "Pereyra Arcija, Diego"]
[Result "1/2-1/2"]
[WhiteElo "2250"]
[BlackElo "2460"]
[PlyCount "107"]
[EventDate "1997.07.14"]
[EventType "swiss"]
[EventRounds "13"]
[EventCountry "POL"]
[SourceTitle "CBM 059 Extra"]
[Source "ChessBase"]
[SourceDate "1997.09.26"]
[SourceVersion "1"]
[SourceVersionDate "1997.09.26"]
[SourceQuality "1"]

1. e4 e5 2. Nf3 Nc6 3. Bb5 a6 4. Ba4 Nf6 5. 0-0 b5 6. Bb3 Bc5 7. c3 d6 8. Re1 Bb7 9. d4 Bb6 10. Bg5 h6 11. Bh4 Qe7 12. a4 g5 13. Bg3 h5 14. h4 g4 15. Ng5 Nd8 16. axb5 axb5 17. Rxa8 Bxa8 18. Na3 Nd7 19. d5 f6 20. Ne6 Nxe6 21. dxe6 Nc5 22. Bd5 Bxd5 23. Qxd5 0-0 24. b4 Nxe6 25. Nxb5 Qf7 26. Na3 f5 27. exf5 Ng7 28. Qxf7+ Kxf7 29. Nc4 Nxf5 30. Nxb6 cxb6 31. Ra1 Nxg3 32. fxg3 Rc8 33. Ra3 d5 34. Kf2 Ke6 35. Ke2 Rc4 36. Kd3 e4+ 37. Kd2 d4 38. cxd4 Rxd4+ 39. Ke3 Ke5 40. Ra8 Rd3+ 41. Kf2 Kd4 42. Rd8+ Kc3 43. Re8 Kxb4 44. Re5 Kc3 45. Rb5 Rd2+ 46. Ke3 Rxg2 47. Kxe4 Rxg3 48. Rxh5 Rh3 49. Rb5 g3 50. Kf3 Rxh4 51. Rxb6 Rb4 52. Rc6+ Rc4 53. Rxc4+ Kxc4 54. Kxg3 1/2-1/2

[Event "Wch U20"]
[Site "Zagan"]
[Date "1997.07.15"]
[Round "2"]
[White "Dantas, Carlos"]
[Black "Pereyra Arcija, Diego"]
[Result "0-1"]
[WhiteElo "2200"]
[BlackElo "2460"]
[PlyCount "104"]
[EventDate "1997.07.14"]
[EventType "swiss"]
[EventRounds "13"]
[EventCountry "POL"]
[SourceTitle "CBM 059 Extra"]
[Source "ChessBase"]
[SourceDate "1997.09.26"]
[SourceVersion "1"]
[SourceVersionDate "1997.09.26"]
[SourceQuality "1"]

1. f4 Nf6 2. Nf3 d5 3. d4 g6 4. e3 Bg7 5. Bd3 0-0 6. Nbd2 c5 7. c3 b6 8. 0-0 Ba6 9. Qe2 Bxd3 10. Qxd3 Nbd7 11. Ng5 Qc7 12. Nh3 e6 13. g3 Ne8 14. Nf3 Nd6 15. Nf2 f5 16. h4 Nf6 17. Ng5 Rfe8 18. Kg2 b5 19. Bd2 a5 20. Rfc1 c4 21. Qe2 Rab8 22. a3 Rb7 23. Be1 Bf8 24. Nf3 Nde4 25. Nxe4 Nxe4 26. Ng5 Nf6 27. Ra2 h6 28. Nf3 Bd6 29. Rca1 Reb8 30. Kh3 Qe7 31. Ne5 Bxe5 32. dxe5 Ne4 33. Rd1 g5 34. g4 Qh7 35. gxf5 Qxf5+ 36. Qg4 Qxg4+ 37. Kxg4 gxf4 38. exf4 Rf8 39. a4 b4 40. cxb4 axb4 41. a5 Rbf7 42. a6 Rxf4+ 43. Kh3 R4f7 44. Ra4 b3 45. Rb4 Rg7 46. Kh2 Nf2 47. Ra1 Ng4+ 48. Kh3 Rf3+ 49. Kg2 Nxe5+ 50. Kh2 Rf1 51. Rb8+ Kh7 52. Bc3 Nf3+ 0-1

[Event "ARG-ch sf"]
[Site "Buenos Aires"]
[Date "1997.??.??"]
[Round "?"]
[White "Giaccio, Alfredo Gustavo"]
[Black "Pereyra Arcija, Diego"]
[Result "1-0"]
[WhiteElo "2460"]
[BlackElo "2450"]
[PlyCount "89"]
[EventDate "1997.06.13"]
[EventType "swiss"]
[EventRounds "11"]
[EventCountry "ARG"]
[SourceTitle "EXT 2001"]
[Source "ChessBase"]
[SourceDate "2000.11.22"]
[SourceVersion "1"]
[SourceVersionDate "2000.11.22"]
[SourceQuality "1"]

1. e4 e5 2. Nf3 Nf6 3. Nxe5 d6 4. Nf3 Nxe4 5. d4 d5 6. Bd3 Be7 7. 0-0 Nc6 8. Re1 Bg4 9. c4 Nf6 10. cxd5 Bxf3 11. Qxf3 Qxd5 12. Qh3 Qxd4 13. Nc3 0-0 14. Bg5 h6 15. Rad1 Rad8 16. Bh7+ Kxh7 17. Rxd4 Rxd4 18. Be3 Rd7 19. Qf5+ Kg8 20. Qb5 Rb8 21. h3 a6 22. Qf5 Rbd8 23. g4 Nd5 24. Nxd5 Rxd5 25. Qc2 Bf6 26. Kg2 Be5 27. a3 Rb5 28. b4 Rbd5 29. h4 Rd3 30. g5 hxg5 31. hxg5 Rxa3 32. g6 Rad3 33. Qc4 R3d5 34. Bc5 b5 35. Qg4 Nb8 36. Qh3 fxg6 37. Qe6+ Kh7 38. Rh1+ Bh2 39. Rxh2+ Rh5 40. Rxh5+ gxh5 41. Qe7 Rg8 42. Qe4+ Kh8 43. Qg6 Rd8 44. Be7 Rd5 45. Qe8+ 1-0

[Event "Najdorf Memorial op"]
[Site "Buenos Aires"]
[Date "1997.??.??"]
[Round "5"]
[White "Pereyra Arcija, Diego"]
[Black "Garcia, Raimundo"]
[Result "1/2-1/2"]
[WhiteElo "2450"]
[BlackElo "2380"]
[PlyCount "38"]
[EventDate "1997.05.19"]
[EventType "swiss"]
[EventRounds "9"]
[EventCountry "ARG"]
[SourceTitle "CBM 058 Extra"]
[Source "ChessBase"]
[SourceDate "1997.07.29"]
[SourceVersion "1"]
[SourceVersionDate "1997.07.29"]
[SourceQuality "1"]

1. d4 Nf6 2. c4 g6 3. Nc3 Bg7 4. e4 d6 5. Nf3 0-0 6. Be2 e5 7. 0-0 Qe8 8. dxe5 dxe5 9. Nd5 Na6 10. Bg5 Nxe4 11. Be7 c6 12. Bxf8 Qxf8 13. Ne3 Nac5 14. Nd2 a5 15. Nxe4 Nxe4 16. Qc2 Nc5 17. Rad1 f5 18. Qd2 f4 19. Nc2 Bf5 1/2-1/2

[Event "Mar del Plata op"]
[Site "Mar del Plata"]
[Date "1997.??.??"]
[Round "6"]
[White "Pereyra Arcija, Diego"]
[Black "Idigoras, Alejandro"]
[Result "1-0"]
[WhiteElo "2450"]
[BlackElo "2250"]
[PlyCount "55"]
[EventDate "1997.03.??"]
[EventType "swiss"]
[EventRounds "9"]
[EventCountry "ARG"]
[SourceTitle "EXT 1998"]
[Source "ChessBase"]
[SourceDate "1997.11.17"]
[SourceVersion "1"]
[SourceVersionDate "1997.11.17"]
[SourceQuality "1"]

1. d4 Nf6 2. c4 g6 3. Nc3 d5 4. Nf3 Bg7 5. Qb3 dxc4 6. Qxc4 0-0 7. e4 Na6 8. Be2 c5 9. d5 e6 10. 0-0 exd5 11. exd5 Bf5 12. Be3 Re8 13. Rad1 Ne4 14. d6 Nxc3 15. bxc3 Bd7 16. Ng5 Qf6 17. Bf3 Rab8 18. Bd5 Rf8 19. Bxb7 Rxb7 20. Qxa6 Rb2 21. Qxa7 Bb5 22. Rfe1 Be2 23. Rc1 c4 24. Ne4 Qh4 25. Ng3 Bd3 26. d7 Bf6 27. Bc5 Rd8 28. Re8+ 1-0

[Event "Clarin GP1 Boca Juniors"]
[Site "Boca"]
[Date "1997.??.??"]
[Round "5"]
[White "Pereyra Arcija, Diego"]
[Black "Madina Yadarola, Martin"]
[Result "1-0"]
[WhiteElo "2450"]
[BlackElo "2320"]
[PlyCount "43"]
[EventDate "1997.04.26"]
[EventType "swiss"]
[EventRounds "9"]
[EventCountry "ARG"]
[SourceTitle "CBM 058 Extra"]
[Source "ChessBase"]
[SourceDate "1997.07.29"]
[SourceVersion "1"]
[SourceVersionDate "1997.07.29"]
[SourceQuality "1"]

1. d4 Nf6 2. Nf3 g6 3. c4 Bg7 4. Nc3 d5 5. Qb3 dxc4 6. Qxc4 0-0 7. e4 a6 8. e5 b5 9. Qb3 Nfd7 10. Be3 c5 11. e6 fxe6 12. Qxe6+ Kh8 13. Qe4 cxd4 14. Nxd4 Nc5 15. Qxa8 Bb7 16. Qa7 Nbd7 17. Ne6 Qa5 18. Nxf8 Bxc3+ 19. Ke2 Qb4 20. bxc3 Qb2+ 21. Bd2 b4 22. Nxd7 1-0

[Event "Clarin GP op"]
[Site "Villa Martelli"]
[Date "1997.??.??"]
[Round "5"]
[White "Pereyra Arcija, Diego"]
[Black "Schweber, Samuel"]
[Result "1/2-1/2"]
[WhiteElo "2460"]
[BlackElo "2355"]
[PlyCount "70"]
[EventDate "1997.??.??"]
[EventType "swiss"]
[EventRounds "9"]
[EventCountry "ARG"]
[SourceTitle "EXT 1999"]
[Source "ChessBase"]
[SourceDate "1998.11.16"]
[SourceVersion "1"]
[SourceVersionDate "1998.11.16"]
[SourceQuality "1"]

1. d4 Nf6 2. Nf3 c5 3. d5 g6 4. Nc3 Bg7 5. e4 0-0 6. Be2 e5 7. 0-0 d6 8. Nd2 Qe7 9. a4 Ne8 10. Nc4 f5 11. exf5 gxf5 12. f4 e4 13. Be3 Nd7 14. Qd2 b6 15. Kh1 Ba6 16. Nb5 Bb7 17. Bf2 a6 18. Nc3 Nc7 19. Ne3 Bd4 20. Ncd1 Qf7 21. c3 Bg7 22. Bh4 b5 23. a5 c4 24. g4 Nc5 25. Qe1 fxg4 26. Bxg4 Rae8 27. Qg3 Nxd5 28. Nxd5 e3 29. N1xe3 Bxd5+ 30. Nxd5 Qxd5+ 31. Bf3 Qf5 32. Rg1 Rf7 33. Bg4 Qd5+ 34. Bf3 Qf5 35. Bg4 Qd5+ 1/2-1/2

[Event "Villa Gesell Clarin op"]
[Site "Villa Gesell"]
[Date "1996.??.??"]
[Round "3"]
[White "Adla, Diego Gustavo"]
[Black "Pereyra Arcija, Diego"]
[Result "0-1"]
[WhiteElo "2440"]
[BlackElo "2430"]
[PlyCount "76"]
[EventDate "1996.??.??"]
[EventType "swiss"]
[EventRounds "7"]
[EventCountry "ARG"]
[SourceTitle "EXT 2005"]
[Source "ChessBase"]
[SourceDate "2004.11.15"]
[SourceVersion "1"]
[SourceVersionDate "2004.11.15"]
[SourceQuality "1"]

1. d4 Nf6 2. Nc3 d5 3. Bg5 e6 4. e4 dxe4 5. Nxe4 Be7 6. Bxf6 gxf6 7. Nf3 b6 8. Bb5+ c6 9. Bd3 Bb7 10. Qe2 Nd7 11. Ba6 Bxa6 12. Qxa6 Qc7 13. Qe2 0-0-0 14. 0-0-0 Nf8 15. c4 Ng6 16. g3 e5 17. Qc2 f5 18. Nc3 e4 19. Ng1 Rd7 20. Nge2 Rhd8 21. Qd2 Ne5 22. Kb1 Nxc4 23. Qh6 Qd6 24. Qxh7 Qb4 25. b3 Na3+ 26. Kb2 Nc4+ 27. Ka1 Nd6 28. Qh6 Rg8 29. h4 Kb7 30. Qd2 Nb5 31. Nxb5 Qxb5 32. Qc2 Bf6 33. Kb1 Rgd8 34. h5 Qb4 35. Rc1 c5 36. h6 Rxd4 37. a3 Qxa3 38. Nxd4 Rxd4 0-1

[Event "Buenos Aires op"]
[Site "Buenos Aires"]
[Date "1996.??.??"]
[Round "?"]
[White "Garcia Palermo, Carlos H"]
[Black "Pereyra Arcija, Diego"]
[Result "1-0"]
[WhiteElo "2490"]
[BlackElo "2430"]
[PlyCount "129"]
[EventDate "1996.??.??"]
[EventType "swiss"]
[EventRounds "9"]
[EventCountry "ARG"]
[SourceTitle "EXT 1998"]
[Source "ChessBase"]
[SourceDate "1997.11.17"]
[SourceVersion "1"]
[SourceVersionDate "1997.11.17"]
[SourceQuality "1"]

1. d4 Nf6 2. c4 g6 3. Nc3 Bg7 4. e4 d6 5. f4 0-0 6. Nf3 c5 7. dxc5 Qa5 8. Bd3 Qxc5 9. Qe2 Bg4 10. Be3 Qa5 11. 0-0 Nc6 12. Rac1 Nd7 13. Qd2 Bxf3 14. Rxf3 Bd4 15. Bxd4 Nxd4 16. Rf2 Nf6 17. Bb1 Nc6 18. Nd5 Qxd2 19. Nxf6+ Kg7 20. Nh5+ Kh6 21. Rxd2 Kxh5 22. c5 dxc5 23. Rxc5+ Kh6 24. Kf2 Rad8 25. Rcd5 Rxd5 26. exd5 Rd8 27. Be4 b6 28. d6 Nb8 29. dxe7 Re8 30. Bxg6 hxg6 31. Rd8 Rxe7 32. Rxb8 Re4 33. g3 Ra4 34. a3 Rc4 35. Re8 b5 36. Kf3 Kg7 37. h4 b4 38. Re4 Rc5 39. Rxb4 a5 40. Rb7 a4 41. Rb4 Ra5 42. g4 Ra6 43. g5 Ra5 44. Kg4 Kg8 45. h5 gxh5+ 46. Kxh5 Kg7 47. Kg4 Kg6 48. f5+ Kg7 49. Rb7 Kg8 50. f6 Rc5 51. Rb8+ Kh7 52. b3 axb3 53. Kh5 Rc1 54. Rxb3 Rh1+ 55. Kg4 Kg6 56. Rb5 Rg1+ 57. Kf4 Rf1+ 58. Ke3 Rg1 59. a4 Rg3+ 60. Kd2 Ra3 61. a5 Ra2+ 62. Kc3 Ra3+ 63. Kb4 Ra1 64. Rc5 Rb1+ 65. Ka4 1-0

[Event "Wch U20"]
[Site "Medellin"]
[Date "1996.??.??"]
[Round "6"]
[White "Moreda, Lucas"]
[Black "Pereyra Arcija, Diego"]
[Result "1/2-1/2"]
[WhiteElo "2285"]
[BlackElo "2420"]
[PlyCount "51"]
[EventDate "1996.11.??"]
[EventType "swiss"]
[EventRounds "13"]
[EventCountry "COL"]
[SourceTitle "Juniors"]
[Source "ChessBase"]
[SourceDate "1999.07.01"]
[SourceVersion "1"]
[SourceVersionDate "1999.07.01"]
[SourceQuality "1"]

1. e4 e6 2. d4 d5 3. Nc3 Nf6 4. e5 Nfd7 5. f4 c5 6. Nf3 Nc6 7. Be3 a6 8. Qd2 b5 9. dxc5 Bxc5 10. Bxc5 Nxc5 11. Bd3 Qb6 12. Qf2 Rb8 13. 0-0 Na4 14. Nxa4 bxa4 15. Rab1 Qxf2+ 16. Kxf2 Nb4 17. b3 Bd7 18. bxa4 Bxa4 19. a3 Nxd3+ 20. cxd3 Kd7 21. Nd4 Rhc8 22. Ke3 g6 23. Rfc1 Rxc1 24. Rxb8 Re1+ 25. Kf2 Ra1 26. Rb6 1/2-1/2

[Event "Mar del Plata op"]
[Site "Mar del Plata"]
[Date "1996.??.??"]
[Round "5"]
[White "Pereyra Arcija, Diego"]
[Black "Cristobal, Ruben"]
[Result "1/2-1/2"]
[WhiteElo "2430"]
[BlackElo "2250"]
[PlyCount "86"]
[EventDate "1996.??.??"]
[EventType "swiss"]
[EventRounds "9"]
[EventCountry "ARG"]
[SourceTitle "CBM 051 Extra"]
[Source "ChessBase"]
[SourceDate "1996.05.01"]
[SourceVersion "1"]
[SourceVersionDate "1996.05.01"]
[SourceQuality "1"]

1. d4 Nf6 2. Nf3 e6 3. c4 Bb4+ 4. Bd2 Qe7 5. g3 0-0 6. Bg2 Nc6 7. 0-0 Bxd2 8. Nbxd2 d6 9. e4 a5 10. Qe2 e5 11. d5 Nd8 12. Ne1 Bg4 13. f3 Bd7 14. Nd3 c6 15. Rae1 b5 16. b3 Nb7 17. f4 Ne8 18. Qe3 Ra6 19. fxe5 dxe5 20. c5 f6 21. a4 bxa4 22. d6 Qe6 23. bxa4 g6 24. Rb1 Ra7 25. Bf3 Ng7 26. Bd1 Qe8 27. Bb3+ Be6 28. Nc4 Nd8 29. Rf2 Kh8 30. Qe1 Nh5 31. Nxa5 Bxb3 32. Rxb3 Ne6 33. Rb7 Rxb7 34. Nxb7 Ng5 35. Kg2 Qc8 36. Rb2 Qh3+ 37. Kh1 Nxe4 38. Rg2 Nhxg3+ 39. Kg1 Qf5 40. hxg3 Ng5 41. Qd1 Nf3+ 42. Kf1 Nh2+ 43. Kg1 Nf3+ 1/2-1/2

[Event "ARG-ch"]
[Site "Pena City"]
[Date "1996.??.??"]
[Round "7"]
[White "Pereyra Arcija, Diego"]
[Black "Dorin, Mauricio"]
[Result "1-0"]
[WhiteElo "2420"]
[BlackElo "2290"]
[PlyCount "95"]
[EventDate "1996.10.??"]
[EventType "tourn"]
[EventRounds "15"]
[EventCountry "ARG"]
[EventCategory "9"]
[SourceTitle "CBM 055 Extra"]
[Source "ChessBase"]
[SourceDate "1997.01.01"]
[SourceVersion "1"]
[SourceVersionDate "1997.01.01"]
[SourceQuality "1"]

1. d4 Nf6 2. Nf3 e6 3. c4 Bb4+ 4. Bd2 Qe7 5. g3 b6 6. Bg2 Bb7 7. 0-0 Bxd2 8. Qxd2 d6 9. Nc3 0-0 10. Qc2 c5 11. e4 cxd4 12. Nxd4 Rc8 13. Qe2 Nc6 14. Nc2 a6 15. Rac1 Ne5 16. Ne3 b5 17. cxb5 axb5 18. f4 Ned7 19. b4 Qd8 20. Rfe1 Ra3 21. Qb2 Rca8 22. Nxb5 Rxa2 23. Qd4 e5 24. Qxd6 Ne8 25. Qd1 exf4 26. gxf4 Qh4 27. Nc3 Qf2+ 28. Kh1 Rd2 29. Qf3 Ndf6 30. Qxf2 Rxf2 31. Rf1 Rb2 32. Rb1 Rd2 33. Rbd1 Rb2 34. Rd4 h5 35. Ned1 Rc2 36. Rf2 Rc1 37. e5 Bxg2+ 38. Kxg2 Ng4 39. Rfd2 Kh7 40. Rd7 Nh6 41. b5 Nf5 42. Kf2 Rc8 43. b6 R1xc3 44. Nxc3 Rxc3 45. Rb2 Rc8 46. b7 Rb8 47. Ra2 Nfd6 48. exd6 1-0

[Event "Wch U20"]
[Site "Medellin"]
[Date "1996.??.??"]
[Round "7"]
[White "Pereyra Arcija, Diego"]
[Black "Kalod, Radek"]
[Result "1-0"]
[WhiteElo "2420"]
[BlackElo "2380"]
[PlyCount "77"]
[EventDate "1996.11.??"]
[EventType "swiss"]
[EventRounds "13"]
[EventCountry "COL"]
[SourceTitle "Juniors"]
[Source "ChessBase"]
[SourceDate "1999.07.01"]
[SourceVersion "1"]
[SourceVersionDate "1999.07.01"]
[SourceQuality "1"]

1. d4 Nf6 2. Nf3 g6 3. c4 Bg7 4. Nc3 d5 5. Qb3 dxc4 6. Qxc4 0-0 7. e4 Na6 8. Be2 c5 9. d5 e6 10. 0-0 exd5 11. exd5 Bf5 12. Be3 Re8 13. Rad1 Ne4 14. d6 Qd7 15. Nxe4 Rxe4 16. Qd5 Nb4 17. Qxc5 Rc8 18. Bb5 Nc6 19. Qa3 Rg4 20. g3 a6 21. Be2 Bc2 22. Rd2 Ra4 23. Qc5 Nd4 24. Qxc8+ Qxc8 25. Bxd4 Bf5 26. Bxg7 Kxg7 27. Rfd1 Rxa2 28. d7 Bxd7 29. Rxd7 Rxb2 30. Bf1 Qc5 31. R1d4 b5 32. Nd2 Rb4 33. Rd3 a5 34. Rf3 Rd4 35. Rfxf7+ Kg8 36. Rg7+ Kf8 37. Rdf7+ Ke8 38. Nb3 Qd5 39. Nxd4 1-0

[Event "ARG-ch"]
[Site "Pena City"]
[Date "1996.??.??"]
[Round "4"]
[White "Pereyra Arcija, Diego"]
[Black "Ricardi, Pablo"]
[Result "0-1"]
[WhiteElo "2420"]
[BlackElo "2535"]
[PlyCount "128"]
[EventDate "1996.10.??"]
[EventType "tourn"]
[EventRounds "15"]
[EventCountry "ARG"]
[EventCategory "9"]
[SourceTitle "CBM 055 Extra"]
[Source "ChessBase"]
[SourceDate "1997.01.01"]
[SourceVersion "1"]
[SourceVersionDate "1997.01.01"]
[SourceQuality "1"]

1. d4 Nf6 2. c4 e6 3. Nf3 d5 4. g3 Bb4+ 5. Bd2 Be7 6. Bg2 0-0 7. 0-0 c6 8. Qc2 Nbd7 9. cxd5 exd5 10. Nc3 Re8 11. Bf4 Bb4 12. a3 Bxc3 13. bxc3 Ne4 14. c4 Nb6 15. cxd5 Bf5 16. dxc6 Nxg3 17. Qc5 Nxe2+ 18. Kh1 Nxf4 19. Qxf5 Nxg2 20. cxb7 Rb8 21. Kxg2 g6 22. Qb5 Rxb7 23. Rfe1 Ree7 24. Re5 Qc8 25. h3 Qc3 26. Rxe7 Rxe7 27. Qb4 Qxb4 28. axb4 Nd5 29. Ne5 Nxb4 30. Rb1 a5 31. Nc4 Rd7 32. Nxa5 Rxd4 33. Nb3 Rd5 34. Nc1 Nc2 35. Ne2 Kg7 36. Rc1 Rd2 37. Ng3 Ne3+ 38. Kf3 Nd5 39. Ra1 Rb2 40. Ra3 Nb4 41. Ne4 Nc2 42. Ra7 Ne1+ 43. Ke3 Ng2+ 44. Kf3 Nh4+ 45. Kg4 Nf5 46. Ng5 Rxf2 47. Rxf7+ Kg8 48. Rxh7 Rg2+ 49. Kf4 Rxg5 50. Ra7 Rh5 51. Ke5 Nh4+ 52. Kf4 Rf5+ 53. Kg4 Ng2 54. Ra3 Kh7 55. Rg3 Nf4 56. Ra3 Nh5 57. Ra4 Kh6 58. h4 Nf6+ 59. Kg3 Kh5 60. Rb4 Ra5 61. Rb3 Rc5 62. Rb4 Rc3+ 63. Kg2 Ng4 64. Rb6 Ne3+ 0-1